HACIA UNA ANTROPOLOGIA ARQUITECTONICA /

INCLUYE BIBLIOGRAFIA

Sábháilte in:
Sonraí bibleagrafaíochta
Rannpháirtithe: Amerlinck, Mari-Jose (compilación) (compilación)
Formáid: LEABHAR
Sraith:JORNADAS ACADEMICAS. SERIE COLOQUIOS
Ábhair:
Clibeanna: Cuir clib leis
Níl clibeanna ann, Bí ar an gcéad duine le clib a chur leis an taifead seo!

MARC

LEADER 00000nam^a2200000^a^4500
001 000235508
005 20250521000000.0
009 20260310104813.036
020 |a 968-895-584-1 
035 |a 057492 
037 |a Acervo Xavier Clavigero 
082 |a 720. 4  |b HAC 
245 1 0 |a HACIA UNA ANTROPOLOGIA ARQUITECTONICA /  |c COMP. MARI-JOSE AMERLINCK 
264 |a Guadalajara, México :  |b U DE G,  |c 1995 
300 |a 222 p. 
336 |a texto  |b txt  |2 rdacontenido 
337 |a sin mediación  |b n  |2 rdamedio 
338 |a volumen  |b nc  |2 rdasoporte 
440 |a JORNADAS ACADEMICAS. SERIE COLOQUIOS 
520 |a INCLUYE BIBLIOGRAFIA 
649 |a XX 
650 |a Arquitectura 
650 |a Antropología 
700 |a Amerlinck, Mari-Jose  |e (compilación) 
910 |a Fondo General 
920 |a Impresos - Libros 
930 |a Colección General 
905 |a 101 
901 |a 057492  |b IT1  |c ACC  |i 057492  |u 20250521 
902 |a https://opac.biblio.iteso.mx/vufind/Record/000235508